Miasta na Węgrzech powyżej 100k mieszkańców - Statystyki

Ogólne statystyki
  • Ten quiz został rozwiązany 86 razy
  • Średni wynik to 5 z 9
Statystyki odpowiedzi
Ludność Miasto % Poprawnych
1729040 Budapeszt
100%
211320 Debreczyn
71%
129527 Gyor
59%
156049 Pecz
57%
167754 Miszkolc
56%
168048 Segedyn
52%
100570 Szekesfehervar
32%
119746 Nyiregyhaza
24%
111411 Kecskemet
19%
Nie znaleziono quizów pasujących do podanych kryteriów
Rozkład punktacji
Procent ludzi z każdym wynikiem
Percentyl według liczby udzielonych odpowiedzi
Twoja historia wyników
Nie rozwiązałeś tego quizu